000 00511nam a2200169 i 4500
001 71967
003 ES-MaACL
005 20230906171306.0
007 t|
008 040823s1971 sp ||||1| spa d
100 1 _aGil Alvárez, Juan José.
_956763
245 1 0 _aPsicología para profesiones de relaciones humanas /
_cpor Juan José Gil Alvárez.
250 _a[1ª ed.].
260 _aValladolid :
_bInsade,
_c[1971]
300 _a409 p., 11 lám. :
_bil. ;
_c21 cm.
852 _aES-MaACL
_jC-41132
_bR.80299
999 _c71967
_d71967